l'écriture cinématographique (notice n° 1925786)

détails MARC
000 -LEADER
fixed length control field 01067cam a2200133 4500500
005 - DATE AND TIME OF LATEST TRANSACTION
control field 20260329023240.0
041 ## - LANGUAGE CODE
Language code of text/sound track or separate title fre
042 ## - AUTHENTICATION CODE
Authentication code dc
100 10 - MAIN ENTRY--PERSONAL NAME
Personal name Maillot, Pierre
Relator term author
245 00 - TITLE STATEMENT
Title l'écriture cinématographique
260 ## - PUBLICATION, DISTRIBUTION, ETC.
Name of publisher, distributor, etc. Armand Colin,<br/>
Date of publication, distribution, etc. 2014.<br/>
520 ## - SUMMARY, ETC.
Summary, etc. L'auteur définit le cinéma, moyen d'expression personnelle, comme un art, non par ce qu'il montre mais par la façon de montrer. Pour apprendre cette écriture et apprendre à la lire, il aborde successivement les matériaux narratifs profilmiques, la réalité cinématographique, la construction du scénario, découpage et montage.Le matériau narratif. Les décors. Les temps. Les personnages. Actions, situations, segments narratifs. Le matériau cinématographique. Les lieux d'origine, le corps, la voix. Le cinéma et les autres arts. Les signifiants cinématographiques. La narration cinématographique. Position de la question. Le synopsis. Le scénario.
856 41 - ELECTRONIC LOCATION AND ACCESS
Uniform Resource Identifier <a href="https://shs.cairn.info/l-ecriture-cinematographique--9782200014780?lang=fr&redirect-ssocas=7080">https://shs.cairn.info/l-ecriture-cinematographique--9782200014780?lang=fr&redirect-ssocas=7080</a>

Pas d'exemplaire disponible.

PLUDOC

PLUDOC est la plateforme unique et centralisée de gestion des bibliothèques physiques et numériques de Guinée administré par le CEDUST. Elle est la plus grande base de données de ressources documentaires pour les Étudiants, Enseignants chercheurs et Chercheurs de Guinée.

Adresse

627 919 101/664 919 101

25 boulevard du commerce
Kaloum, Conakry, Guinée

Réseaux sociaux

Powered by Netsen Group @ 2025